000 00687cam a22002531 4500
001 sa 66004913
003 DLC
005 20260227112245.0
008 881028s1966 xx 000 0 hino
010 _asa 66004913
035 _a(OCoLC)23574175
040 _aDLC
_cMiU
_dDLC
042 _apremarc
050 0 0 _aPK875
_b.K34
100 2 _aKāmarāja Dīkṣita,
_dfl 1680-1720.
245 1 0 _aKāvyenduprakāśaḥ.
260 _c1966.
300 _a14, 72 p.
_c23 cm.
500 _aRomanized.
650 0 _aSanskrit language
_xVersification.
700 1 _aŚukla, Bābūlāla.
_eed.
740 0 _aKāvyendu prakāśa.
830 0 _aCaukhambā-Saṃskr̥ta-granthamālā.
_v100.
999 _c69672
_d69672